[Event "XLIV Capablanca Memorial Open"]
[Site "Havana CUB"]
[Date "2009.06.12"]
[Round "5"]
[White "Morales,P"]
[Black "Figueroa,Marc"]
[Result "1-0"]
[WhiteElo "2410"]
[BlackElo "2195"]

1.e4 c5 2.Nf3 e6 3.d4 cxd4 4.Nxd4 a6 5.Nc3 b5 6.g4 Bb7 7.Bg2 Nc6 8.Nde2 Bc5
9.g5 d6 10.O-O Nge7 11.Kh1 b4 12.Na4 Ba7 13.c4 O-O 14.Ng3 Ne5 15.b3 d5 16.exd5 exd5
17.Bb2 f6 18.gxf6 gxf6 19.f4 N5g6 20.f5 Ne5 21.Nh5 Qd6 22.Bxe5 fxe5 23.Qg4+ Kf7
24.Qg7+ Ke8 25.f6 Rf7 26.fxe7 Rxg7 27.Nxg7+ Kd7 28.Bh3+ Kc6 29.e8=Q+ Rxe8
30.Nxe8  1-0

[Event "13th FIDE Open"]
[Site "Voronezh RUS"]
[Date "2009.06.12"]
[Round "1"]
[White "Tukhvatullin,V"]
[Black "Gutyakulov,A"]
[Result "0-1"]
[WhiteElo "2263"]
[BlackElo "2003"]

1.e4 c5 2.Nf3 e6 3.Nc3 a6 4.d4 cxd4 5.Nxd4 Qc7 6.g3 Nf6 7.Bg2 Bb4 8.Ne2 Nc6
9.Bf4 Qa5 10.Bd6 Bxd6 11.Qxd6 Qe5 12.Qd2 O-O 13.f4 Qc5 14.O-O-O Ng4 15.Nd4 e5
16.Nb3 Qa7 17.Rde1 b5 18.h3 Nf6 19.Nd5 Ne8 20.f5 d6 21.Rd1 a5 22.Qe3 Qxe3+
23.Nxe3 a4 24.Nd2 Bb7 25.Bf1 b4 26.c3 a3 27.cxb4 Nxb4 28.Bc4 Nf6 29.Nc2 Nxc2
30.Kxc2 Nxe4 31.Rh2 Rfc8  0-1

[Event "XLIV Capablanca Memorial Open"]
[Site "Havana CUB"]
[Date "2009.06.14"]
[Round "6"]
[White "Fleitas Marti,Y"]
[Black "Ortiz,Na"]
[Result "0-1"]
[WhiteElo "2228"]
[BlackElo "2248"]

1.e4 c5 2.Nf3 e6 3.d4 cxd4 4.Nxd4 a6 5.Nc3 Qc7 6.g4 Bb4 7.Bd2 Ne7 8.Qe2 O-O
9.O-O-O Nbc6 10.Nxc6 bxc6 11.h4 Rb8 12.Rh3 e5 13.Qc4 Qa5 14.Bg5 h6 15.Bxe7 Bxe7
16.g5 d5 17.exd5 Bxh3 18.Bxh3 Rb4 19.Qd3 Rfb8 20.gxh6 Rxh4 21.Rg1 Rxh6 22.Qe3 Rh5
23.dxc6 Qd8 24.Nd5 Qxd5 25.c7 Rf8 26.b3 Rxh3 27.Qxh3 Ba3+ 28.Kb1 Qd4 29.c3 Qd2
30.Rxg7+ Kxg7 31.Qg4+ Kf6 32.Qh4+  0-1

[Event "XLIV Capablanca Memorial Open"]
[Site "Havana CUB"]
[Date "2009.06.14"]
[Round "6"]
[White "Hernandez,Z"]
[Black "Figueroa,J"]
[Result "1-0"]
[WhiteElo "2043"]
[BlackElo "1780"]

1.e4 c5 2.Nf3 e6 3.d4 cxd4 4.Nxd4 a6 5.Nc3 Qc7 6.g3 Nf6 7.Bg2 Be7 8.O-O Nc6
9.Nb3 O-O 10.f4 d6 11.Be3 Rb8 12.g4 Re8 13.g5 Nd7 14.f5 Nce5 15.Qh5 g6 16.Qh4 Nc4
17.fxe6 fxe6 18.Bd4 e5 19.Rf7 Nf8 20.Raf1 Be6 21.Nd5 Qd8 22.Nxe7+ Rxe7 23.Rxf8+ Qxf8
24.Rxf8+ Rxf8 25.Bc3 Ref7 26.Nd2 Ne3 27.Qg3 Nxg2 28.Kxg2 Rf4 29.h3  1-0

[Event "Open"]
[Site "Teplice CZE"]
[Date "2009.06.14"]
[Round "2"]
[White "Friml,A"]
[Black "Velicka,P"]
[Result "0-1"]
[WhiteElo "2162"]
[BlackElo "2468"]

1.e4 c5 2.Nf3 e6 3.d4 cxd4 4.Nxd4 a6 5.Nc3 b5 6.a3 Bb7 7.Bd3 Nc6 8.Be3 Nf6
9.Qe2 Qc7 10.O-O-O b4 11.axb4 Bxb4 12.Nd5 exd5 13.exd5 Nxd4 14.Bxd4+ Kf8
15.Be5 Bd6 16.Bxf6 gxf6 17.Qh5 h6 18.c3 Qa5 19.Qf5 Qxd5 20.Qxf6 Qg5+ 21.Qxg5 hxg5
22.Bf5 Bxg2  0-1

[Event "Open"]
[Site "Varna BUL"]
[Date "2009.06.15"]
[Round "4"]
[White "Peronczyk,K"]
[Black "Peev,P"]
[Result "1-0"]
[WhiteElo "1632"]
[BlackElo "2284"]

1.e4 c5 2.Nf3 e6 3.d4 cxd4 4.Nxd4 a6 5.Nc3 Qb6 6.Be2 Bc5 7.Na4 Qb4+ 8.c3 Qa5
9.b4 Bxb4 10.cxb4 Qxb4+ 11.Kf1 b5 12.Nb6 Ra7 13.Nxc8 Rc7 14.Nb6 Qc5 15.Bf4 e5
16.Nd5 exf4 17.Nxc7+ Qxc7 18.Nf5 Nf6 19.Nd6+ Kf8 20.Rc1 Nc6 21.e5 Ne8 22.Qd5 Nxd6
23.Qxd6+ Qxd6 24.exd6 g6 25.Bf3 Nb4 26.Rc8+ Kg7 27.Rxh8 Kxh8 28.Ke2 Nxa2
29.Bc6 Nc3+ 30.Kd3 Na4 31.Ra1 Nc5+ 32.Kc3 dxc6 33.Rd1 Nb7 34.d7 Nd8 35.Re1 Kg7
36.Re8 Nb7 37.d8=Q Nxd8 38.Rxd8 h5 39.Rd6 g5 40.Rxc6 g4 41.f3 g3 42.h3 f6
43.Rxa6 Kg6 44.h4  1-0

[Event "13th FIDE Open"]
[Site "Voronezh RUS"]
[Date "2009.06.15"]
[Round "4"]
[White "Zhukov,Vi1"]
[Black "Karavaeva,N"]
[Result "1-0"]
[WhiteElo "2191"]
[BlackElo "1958"]

1.e4 c5 2.Nc3 e6 3.Nf3 a6 4.d4 cxd4 5.Nxd4 b5 6.Bd3 Bb7 7.O-O d6 8.a4 b4
9.Na2 Nf6 10.Re1 Be7 11.Bd2 a5 12.c3 bxc3 13.Nxc3 O-O 14.Kh1 Nc6 15.Ndb5 Ne5
16.Bc2 Nfg4 17.Qe2 Qb6 18.Rf1 h5 19.h3 Nf6 20.f4 Ng6 21.Be3 Qd8 22.Rad1 Qb8
23.Bg1 Rd8 24.Bh2 Ra6 25.f5 Ne5 26.fxe6 fxe6 27.Bb3 Qc8 28.Nd4 Nf7 29.Nxe6 Rb6
30.Nb5 Bxe4 31.Nxd8 Qxd8 32.Rxf6 Bxg2+ 33.Qxg2 Bxf6 34.Bxd6 Qe8 35.Bc5 Rb8
36.Nd6  1-0

[Event "XLIV Capablanca Memorial Open"]
[Site "Havana CUB"]
[Date "2009.06.16"]
[Round "8"]
[White "Figueroa,J"]
[Black "Mencos,C"]
[Result "1/2-1/2"]
[WhiteElo "1780"]
[BlackElo "1899"]

1.e4 c5 2.Nf3 e6 3.d4 cxd4 4.Nxd4 a6 5.Nc3 Qc7 6.Bd3 Nf6 7.O-O Nc6 8.Nxc6 bxc6
9.Kh1 d5 10.f4 Be7  1/2-1/2

[Event "Open"]
[Site "Varna BUL"]
[Date "2009.06.16"]
[Round "6"]
[White "Bayramov,E"]
[Black "Peev,P"]
[Result "1-0"]
[WhiteElo "1944"]
[BlackElo "2284"]

1.e4 c5 2.Nf3 e6 3.d4 cxd4 4.Nxd4 a6 5.Nc3 Qc7 6.Be2 b5 7.f4 Bb7 8.Bf3 Nf6
9.e5 b4 10.Na4 Nd5 11.O-O Bc5 12.Nxc5 Qxc5 13.Kh1 Nc6 14.Nb3 Qb5 15.Bxd5 Qxd5
16.Qxd5 exd5 17.Nc5 Rb8 18.a3 bxa3 19.Rxa3 Ke7 20.Rd1 Rhc8 21.Rxd5 Nb4 22.Rxd7+ Ke8
23.Rxb7 Rxb7 24.Nxb7 Rxc2 25.Nd6+ Ke7 26.Rc3 Re2 27.Nf5+ Kd7 28.h3 Nd5 29.Rc5  1-0

[Event "13th Master Open"]
[Site "Voronezh RUS"]
[Date "2009.06.17"]
[Round "6"]
[White "Pasiev,R"]
[Black "Ogloblin,N"]
[Result "1-0"]
[WhiteElo "2255"]
[BlackElo "2367"]

1.e4 c5 2.Nf3 e6 3.d4 cxd4 4.Nxd4 a6 5.Nc3 Qc7 6.Bd3 Nf6 7.O-O Bc5 8.Be3 O-O
9.a4 d6 10.Kh1 Re8 11.Qf3 Nbd7 12.Qg3 Ne5 13.f4 Nxd3 14.cxd3 Rd8 15.f5 Kh8
16.Qh4 exf5 17.Nxf5 Bxf5 18.Bg5 Be6 19.Rxf6 Bd4 20.Rf3 f6 21.Be3 Bxe3 22.Rxe3 Qb6
23.Qf2 Rac8 24.Rf1 Qd4 25.Qd2 Rc5 26.Rg3 Rdc8 27.Qf4 Rh5 28.h3 h6 29.Nd5 Bxd5
30.Qg4 f5 31.Qxh5 fxe4 32.Qg4 Re8 33.dxe4 Bxe4 34.Rd1 Qxb2 35.Rxd6 Bc6 36.Rg6 Qc1+
37.Kh2 Re1 38.Qc8+ Re8 39.Qc7  1-0

[Event "XLIV Capablanca Memorial Open"]
[Site "Havana CUB"]
[Date "2009.06.18"]
[Round "10"]
[White "Otazo,A"]
[Black "Mencos,C"]
[Result "1/2-1/2"]
[WhiteElo "1953"]
[BlackElo "1899"]

1.e4 c5 2.Nf3 e6 3.d4 cxd4 4.Nxd4 a6 5.Nc3 Qc7 6.Be3 Nf6 7.Be2 Nc6 8.O-O Bb4
9.f3 O-O 10.Na4 b5 11.Nxc6 Qxc6 12.Qd4 Ba5 13.Qc5 Bd2 14.Bxd2 bxa4 15.Qxc6 dxc6
16.e5 Nd5 17.f4 Rb8 18.Rab1 Rd8 19.Rf3 c5 20.Ba5 Rd7 21.Ra3 Nb4 22.Bxb4 Rxb4
23.Rc3 Rxf4 24.Rxc5 Bb7 25.Rd1 Rxd1+ 26.Bxd1 g6 27.Be2 Rb4 28.b3 axb3 29.axb3 Rd4
30.Bd3 h5 31.Rc7 Bd5 32.Bxa6 Rd2 33.Bf1 h4 34.h3 Be4 35.c4 Rb2 36.Rc8+ Kg7
37.Rb8 g5 38.c5 Kg6 39.b4 Kf5 40.b5 Kxe5 41.Rd8 f5 42.c6 Rc2 43.Rg8 Kd6 44.Rxg5 Rc1
45.Rg8 Bd5 46.Kf2 Bc4 47.Rd8+ Kc7 48.Rd7+ Kc8 49.Bxc4 Rxc4 50.Ke3 Rb4 51.Rb7 e5
52.b6 Rb3+ 53.Kd2 e4 54.Rc7+ Kb8 55.Rb7+ Kc8 56.Ke2 Rc3 57.Rc7+ Kb8 58.Rf7 Rxc6
59.Rxf5 Rc2+ 60.Kf1 Rc1+ 61.Kf2 Rc2+ 62.Kg1 Rc1+ 63.Kh2 e3 64.Re5 Re1 65.Re4 e2
66.g3 hxg3+ 67.Kg2 Kb7 68.Re6 Kc8 69.h4 Kd7 70.Re4 Rb1 71.Rxe2 Rxb6 72.Kxg3 Re6
73.Ra2 Rg6+ 74.Kf4 Ke7 75.Kf5 Rb6 76.h5 Kf7 77.Kg5 Kg7 78.h6+ Kh7  1/2-1/2

[Event "13th Master Open"]
[Site "Voronezh RUS"]
[Date "2009.06.18"]
[Round "7"]
[White "Bajarani,U"]
[Black "Kalegin,E"]
[Result "1/2-1/2"]
[WhiteElo "2331"]
[BlackElo "2490"]

1.e4 c5 2.Nf3 e6 3.d4 cxd4 4.Nxd4 a6 5.Nc3 b5 6.g3 Bb7 7.Bg2 Nf6 8.O-O b4
9.Na4 Bxe4 10.Bxe4 Nxe4 11.Re1 Nc5 12.c4 Nxa4 13.Qxa4 Be7 14.Bf4 O-O 15.Rad1 Qb6
16.Nb3 Qc6 17.Qxc6 Nxc6 18.Rxd7 Bf6 19.Re2 Rfd8 20.Rb7 a5 21.Kg2 Rac8 22.Be3 Rd1
23.Bb6 a4 24.Nc5 a3 25.bxa3 bxa3 26.Re3 Bb2 27.Nb3 Nb4 28.Bc5 Nd3 29.Ba7 Ne1+
30.Kh3 g5 31.c5 h5 32.g4 Nd3 33.f3 Nf4+ 34.Kg3 h4+ 35.Kf2 Rh1 36.Rb8 Rxh2+
37.Kg1 Rg2+ 38.Kh1 Rxb8 39.Bxb8 Rc2 40.Bxf4 gxf4 41.Re4 e5 42.Ra4 h3 43.Ra6 Kg7
44.c6 Rc3 45.Kh2 Kh7 46.Rb6 Bc1 47.Nxc1 Rxc1 48.Kxh3 Rc3 49.Kh4 Rxf3 50.Rb5 Rc3
51.Rxe5 Rxc6 52.Rf5 Kg6 53.Rxf4 Rc2 54.g5 Rh2+ 55.Kg3 Rxa2 56.Rf6+ Kxg5 57.Rxf7 Ra1
58.Kg2 Kg4 59.Ra7 Kf4 60.Kf2 Ke4 61.Re7+ Kd3 62.Rd7+ Kc2 63.Rc7+ Kb2 64.Rb7+ Ka2
65.Ke2 Rb1 66.Rc7 Rb4 67.Kd2 Kb3 68.Rc3+ Ka4 69.Kc2 a2 70.Rc8 a1=N+ 71.Kc3 Rb3+
72.Kc4 Rb4+ 73.Kc3 Nb3 74.Rc4 Rxc4+ 75.Kxc4  1/2-1/2

[Event "13th FIDE Open"]
[Site "Voronezh RUS"]
[Date "2009.06.18"]
[Round "7"]
[White "Kiselev,Al"]
[Black "Grishchenko,V"]
[Result "0-1"]
[WhiteElo "2121"]
[BlackElo "2088"]

1.e4 c5 2.Nf3 e6 3.d4 cxd4 4.Nxd4 a6 5.Nc3 Qc7 6.g3 Bb4 7.Ne2 Nf6 8.Bg2 O-O
9.O-O h6 10.a3 Be7 11.h3 Nc6 12.Be3 Rb8 13.f4 d6 14.g4 Nd7 15.Qe1 Qd8 16.Rd1 b5
17.Bf2 b4 18.axb4 Rxb4 19.b3 Rb8 20.h4 Nb4 21.Rd2 e5 22.f5 Nf6 23.Bf3 Nh7
24.Kg2 Bb7 25.Rh1 Qc7 26.Be3 Rfd8 27.g5 Bf8 28.Qg3  0-1

[Event "Open"]
[Site "Albena BUL"]
[Date "2009.06.20"]
[Round "1"]
[White "Radulski,J"]
[Black "Andreev,Sa"]
[Result "1-0"]
[WhiteElo "2560"]
[BlackElo "2051"]

1.e4 c5 2.Nc3 e6 3.Nf3 a6 4.d4 cxd4 5.Nxd4 Qc7 6.g3 Nc6 7.Bg2 h5 8.O-O Nf6
9.Nf3 Ng4 10.Bf4 Nge5 11.Nd5 exd5 12.exd5 d6 13.dxc6 f6 14.Nxe5 dxe5 15.Qd5 b6
16.Rfe1 Bd6 17.Be3 Ke7 18.Qb3 Rb8 19.Rad1 h4 20.Qd3 hxg3 21.hxg3  1-0

[Event "Open"]
[Site "Teplice CZE"]
[Date "2009.06.20"]
[Round "8"]
[White "Volek,R"]
[Black "Bakajsa,L"]
[Result "1-0"]
[WhiteElo "2035"]
[BlackElo "1900"]

1.e4 c5 2.Nf3 e6 3.d4 cxd4 4.Nxd4 a6 5.Nc3 Nc6 6.Be2 Nf6 7.O-O Be7 8.Be3 O-O
9.f4 d6 10.Qe1 Qc7 11.Qg3 Nxd4 12.Bxd4 b5 13.Bd3 Bb7 14.Rf2 b4 15.e5 Nh5
16.Qh3 bxc3 17.Qxh5 g6 18.Qh6 f5 19.exd6 Bxd6 20.bxc3 e5 21.fxe5 Bxe5 22.Rb1 Bd5
23.Re1 Bxd4 24.cxd4 Qc3 25.Re7 Rf7 26.Rxf7 Bxf7 27.g4 Qa1+ 28.Bf1 Qxd4 29.gxf5 Qg4+
30.Bg2 Qd1+ 31.Rf1 Qd4+ 32.Kh1 Bd5 33.Qg5 Rf8 34.f6 Bxa2 35.h4 Bc4 36.Rf4 Qa1+
37.Kh2 Be2 38.Qd5+ Kh8 39.Qd7  1-0

[Event "13th FIDE Open"]
[Site "Voronezh RUS"]
[Date "2009.06.20"]
[Round "9"]
[White "Petrova,O"]
[Black "Gritsenko,V"]
[Result "0-1"]
[WhiteElo "2285"]
[BlackElo "2245"]

1.e4 c5 2.Nf3 e6 3.d4 cxd4 4.Nxd4 a6 5.Nc3 b5 6.Bd3 d6 7.O-O Nf6 8.Be3 Be7
9.f4 b4 10.Nb1 Bb7 11.Nd2 Nbd7 12.N4b3 O-O 13.Qf3 Qc7 14.Kh1 d5 15.Bd4 dxe4
16.Nxe4 Nxe4 17.Bxe4 Bxe4 18.Qxe4 Nf6 19.Qe2 a5 20.Rad1 Rfc8 21.c3 a4 22.Nd2 a3
23.b3 bxc3 24.Nc4 Re8 25.Bxc3 Nd5 26.Be5 Qc6 27.Rd3 f6 28.Ba1 Bf8 29.Qg4 Ra7
30.Rfd1 Qc7 31.Rf3 Qf7 32.Qh4 Rd7 33.Qf2 Red8 34.Re1 Nb4 35.Qe2 Nd3 36.Rb1 Rd5
37.g3 Bc5 38.Bc3 Qd7 39.Ba5 Re8 40.Bc3 e5 41.fxe5 fxe5 42.b4 e4 43.Rff1 Ba7
44.Nxa3 e3 45.Be1 Qe6 46.Nc2 Qe4+ 47.Qg2 e2 48.Rf3 Rf5 49.Rxf5 Qxf5 50.h3 Nxe1
51.Rxe1 Qxc2 52.Qd5+ Kh8 53.Kg2 Rf8 54.Qe6 Rf2+ 55.Kh1 h6  0-1

[Event "2nd Marshall CC Int"]
[Site "New York USA"]
[Date "2009.06.21"]
[Round "6"]
[White "Stopa,Ja"]
[Black "Arnold,Mar"]
[Result "1/2-1/2"]
[WhiteElo "2471"]
[BlackElo "2408"]

1.e4 c5 2.Nf3 e6 3.d4 cxd4 4.Nxd4 a6 5.Nc3 b5 6.Bd3 Qb6 7.Nb3 Qc7 8.O-O Nc6
9.a3 Nf6 10.Kh1 Be7 11.f4 d6 12.Qf3 Bb7 13.Qh3 Rb8 14.f5 exf5 15.Qxf5 Ne5
16.Nd4 g6 17.Qf2 O-O 18.Nf3 Nxf3 19.Qxf3 Nd7 20.Bh6 Ne5 21.Qf4 Rfe8 22.Rae1 Bf8
23.Bxf8 Rxf8 24.Qh6 f6 25.Qh4 Qe7 26.Re2 Rf7 27.Ref2 Kg7 28.Qg3 Kh8 29.Ne2 Rbf8
30.Qh4 Kg7  1/2-1/2

[Event "zt 2.3"]
[Site "San Jose CRC"]
[Date "2009.06.21"]
[Round "5"]
[White "Prasca Sosa,R"]
[Black "Arias,Le"]
[Result "1/2-1/2"]
[WhiteElo "2415"]
[BlackElo "2406"]

1.e4 c5 2.Nf3 e6 3.Nc3 a6 4.d4 cxd4 5.Nxd4 b5 6.Bd3 d6 7.O-O Nf6 8.Qe2 Be7
9.Bd2 e5 10.Nb3 O-O 11.a4 b4 12.Nd5 a5 13.c4 Nc6 14.Be3 Nd7 15.Rfd1 Nc5 16.Bc2 Be6
17.Nxc5 dxc5 18.Nf6+ gxf6 19.Rxd8 Rfxd8 20.b3 Nd4 21.Bxd4 Rxd4 22.Rd1 Rad8
23.Rxd4 Rxd4 24.Kf1 Bf8 25.Bd3 Bh6 26.Qf3 Kg7 27.Ke2 Bd7 28.Qg3+ Kf8 29.Qh4 Kg7
30.Qg3+ Kf8 31.f3 Be6 32.Qh4 Kg7 33.Qg3+  1/2-1/2

[Event "zt 2.3"]
[Site "San Jose CRC"]
[Date "2009.06.21"]
[Round "6"]
[White "Gongora Montes,B"]
[Black "Soto Paez,O"]
[Result "0-1"]
[WhiteElo "2251"]
[BlackElo "2388"]

1.e4 c5 2.Nf3 e6 3.Nc3 a6 4.d4 cxd4 5.Nxd4 b5 6.g3 b4 7.Na4 Bb7 8.Bg2 Nf6
9.O-O Bxe4 10.Bxe4 Nxe4 11.Re1 Nc5 12.Nxc5 Bxc5 13.Qf3 Ra7 14.Nb3 Bb6 15.Bf4 Qf6
16.Nd2 O-O 17.Ne4 Qf5 18.g4 Qg6 19.Ng3 Nc6 20.c3 bxc3 21.bxc3 Bc7 22.h4 Qf6
23.Re4 d5 24.Ra4 Bxf4 25.Rxf4 Qxh4 26.Kg2 Qg5 27.Rh1 Ne5 28.Qe3 Ng6 29.Rxf7 Qxe3
30.Rxf8+ Nxf8 31.fxe3 Rc7 32.e4 Rxc3 33.exd5 exd5 34.Rd1 Ne6 35.Nf5 d4 36.Nxd4 Nxd4
37.Rxd4 Rc2+ 38.Kg3 Rxa2 39.Rd7 h6 40.Ra7 Ra1 41.Kg2 Kh7 42.Kf3 Kg6 43.Kg3 Kf6
44.Kf3 g6 45.Rb7 Ra3+ 46.Kg2 Ra4 47.Rb6+ Kg5 48.Kh3 Rxg4 49.Rxa6 Rf4 50.Kg3 Rf5
51.Kh3 h5 52.Kg3 h4+ 53.Kh3 Kh5 54.Ra4 g5 55.Rb4 g4+ 56.Kh2 Rf2+ 57.Kg1 g3
58.Ra4 Kg5 59.Ra8 Kg4 60.Ra4+ Rf4 61.Ra8 h3 62.Rg8+ Kf3 63.Ra8 h2+ 64.Kh1 g2+  0-1

[Event "Municipality Cup"]
[Site "Tbilisi GEO"]
[Date "2009.06.23"]
[Round "9"]
[White "Shanava,K"]
[Black "Pantsulaia,L"]
[Result "0-1"]
[WhiteElo "2506"]
[BlackElo "2581"]

1.e4 c5 2.Nc3 a6 3.Nf3 e6 4.d4 cxd4 5.Nxd4 b5 6.Bd3 Qb6 7.Nb3 Qc7 8.O-O Bb7
9.Qe2 Nf6 10.f4 d6 11.Kh1 Be7 12.Bd2 Nbd7 13.Rae1 g6 14.a3 O-O 15.Nd4 Rad8
16.Nf3 Rfe8 17.Qf2 d5 18.e5 Ne4 19.Bxe4 dxe4 20.Ng5 Nc5 21.b4 Na4 22.Nxa4 Qxc2
23.Be3 Qxf2 24.Bxf2 bxa4 25.Nxe4 Bxe4 26.Rxe4 Rd3 27.Re3 Red8 28.Rxd3 Rxd3
29.Rc1 Rxa3 30.Bc5 Kf8 31.g3 Rb3 32.Bxe7+ Kxe7 33.Rc7+ Kd8 34.Ra7 Rxb4 35.Rxa6 Kc7
36.Kg2 Kb7 37.Ra5 Kb6 38.Ra8 Kc5 39.Ra7 Kc4 40.Rxf7 a3 41.Rxh7 a2 42.Ra7 Kb3  0-1

[Event "SCT GM"]
[Site "Stockholm SWE"]
[Date "2009.06.24"]
[Round "8"]
[White "Blomqvist,E"]
[Black "Cramling,D"]
[Result "1/2-1/2"]
[WhiteElo "2436"]
[BlackElo "2409"]

1.e4 c5 2.Nf3 e6 3.d4 cxd4 4.Nxd4 a6 5.Nc3 Qc7 6.Bd3 Nf6 7.O-O Bc5 8.Nb3 Be7
9.f4 d6 10.a4 Nc6 11.a5 b5 12.axb6 Qxb6+ 13.Kh1 O-O 14.Qf3 Nb4 15.e5 Bb7
16.Qh3 Nxd3 17.Qxd3 dxe5 18.fxe5 Rfd8 19.Qe2 Nd5 20.Ne4 a5 21.Qh5 f5 22.exf6 Nxf6
23.Nxf6+ Bxf6 24.Rxa5 Qc6 25.Qg4 Qxc2 26.Rxa8 Bxa8 27.Qxe6+ Kh8 28.Nd2 Qg6
29.Qh3 h6 30.Nf3 Kh7 31.b4 Bc6 32.Re1 Qc2 33.b5 Bxb5 34.Qg4 Be2 35.Be3 Kh8
36.Qe6 Bc4 37.Qc6 Rd1  1/2-1/2

[Event "Petr Izmailov Mem"]
[Site "Tomsk RUS"]
[Date "2009.06.25"]
[Round "2"]
[White "Loskutov,O"]
[Black "Kartashov,D"]
[Result "1/2-1/2"]
[WhiteElo "2463"]
[BlackElo "2243"]

1.e4 c5 2.Nf3 e6 3.d4 cxd4 4.Nxd4 a6 5.Nc3 Qc7 6.Bd3 b5 7.O-O Bb7 8.Be3 Nc6
9.Kh1 Nf6 10.Qe2 Nxd4 11.Bxd4 e5 12.Nd5 Nxd5 13.exd5 d6 14.f4 f6 15.c4 bxc4
16.Bxc4 Be7 17.Bc3 Bc8 18.Rad1 exf4 19.Bd3 O-O 20.Rxf4 f5 21.Ra4 Rf7 22.Bxa6 Bd7
23.Ra3 Bf8 24.Ba5 Qa7 25.Bd3 Re7 26.Qf1 Qb7 27.Rb3 Qa7 28.Bb6 Qxa2 29.Rb4 Ra4
30.Bc4 Rxb4 31.Bxa2 Rxb6 32.Qf2 Rb4 33.Bb1 g6 34.Qd2 Rb3 35.Ba2 Rbe3 36.Bc4 Bg7
37.Rf1 R3e4 38.b3 Re3 39.Qb4 Be5 40.g3 f4 41.gxf4 Bd4 42.f5 Bxf5 43.Rxf5 gxf5
44.Qxd6 Re1+ 45.Kg2 Rg1+ 46.Kf3 Re3+ 47.Kf4 Be5+ 48.Qxe5 Rxe5 49.Kxe5 Kf8
50.Kxf5 Rh1 51.Ke6 Ke8 52.Kd6 Kd8 53.b4 Rxh2 54.b5 Rb2 55.Kc5 h5 56.b6 h4
57.d6 h3 58.Bd5 Rc2+ 59.Kb4 Rb2+ 60.Kc5 Rc2+  1/2-1/2

[Event "GM Dopravni"]
[Site "Brno CZE"]
[Date "2009.06.26"]
[Round "1"]
[White "Vymazal,B"]
[Black "Bernasek,J"]
[Result "0-1"]
[WhiteElo "2338"]
[BlackElo "2443"]

1.e4 c5 2.Nf3 e6 3.d4 cxd4 4.Nxd4 a6 5.Nc3 b5 6.Be3 Qc7 7.Qd2 Nf6 8.f3 Bb4
9.O-O-O O-O 10.g4 d6 11.h4 Nc6 12.Nxc6 Qxc6 13.h5 Ne8 14.g5 e5 15.Qd5 Bb7
16.Qb3 Bxc3 17.bxc3 Bc8 18.Bh3 Bxh3 19.Rxh3 Rc8 20.Kb2 Qd7 21.Rg3 Rc4 22.Bb6 Qc6
23.Ba5 Nc7 24.Bxc7 Qxc7 25.g6 fxg6 26.hxg6 h6 27.Rd3 Qc5 28.Rg2 Kh8 29.Rgd2 Rf6
30.Rd5 Qb6 31.f4 Rxg6 32.fxe5 dxe5 33.Rxe5 Rgc6 34.a3 Kh7 35.Rd3 Re6 36.Rd4 Rxe5
37.Rxc4 bxc4  0-1

[Event "Open"]
[Site "Albena BUL"]
[Date "2009.06.27"]
[Round "8"]
[White "Kirjakov,T"]
[Black "Schneider,Ve"]
[Result "1-0"]
[WhiteElo "2115"]
[BlackElo "2320"]

1.Nc3 c5 2.e4 a6 3.Nf3 e6 4.d4 cxd4 5.Nxd4 b5 6.Bd3 Qb6 7.Nf3 d6 8.O-O Nf6
9.e5 dxe5 10.Nxe5 Bb7 11.Qe2 Nc6 12.Be3 Bc5 13.Bxc5 Qxc5 14.Rfe1 O-O 15.Qe3 Qb4
16.a3 Qh4 17.Rad1 Nxe5 18.Qxe5 Rac8 19.Re3 Rfd8 20.Rg3 Ng4 21.Qf4 Qxh2+ 22.Kf1 Bxg2+
23.Ke2 Bh3 24.Rxg4 Bxg4+ 25.Qxg4 f5 26.Qg5 Qe5+ 27.Kd2 h6 28.Qg6 Qf4+ 29.Ke2 Kh8
30.Rg1 Qe5+ 31.Kd1 Rc6 32.Kc1 Rcd6 33.Kb1 R6d7 34.Ne2 Rf8 35.f4 Qf6 36.Qg3 Rb8
37.Nc1 b4 38.a4 a5 39.Bb5 Rd6 40.Nd3 b3 41.cxb3 Rbd8 42.Ka2 Kh7 43.Ne5 Rd2
44.Rc1 Rf8 45.Qc3 Rfd8 46.Qxa5 R8d4 47.Be8 Qd8 48.Bg6+ Kg8 49.Qa6 Rd6 50.Qb7 Rb6
51.Qf7+ Kh8 52.Nc4 Rd7 53.Qxd7  1-0

[Event "GM Dopravni"]
[Site "Brno CZE"]
[Date "2009.06.27"]
[Round "2"]
[White "Simacek,P"]
[Black "Vyskocil,N"]
[Result "1-0"]
[WhiteElo "2489"]
[BlackElo "2315"]

1.e4 c5 2.Nf3 e6 3.d4 cxd4 4.Nxd4 a6 5.Nc3 d6 6.Be3 Nf6 7.f3 b5 8.Qd2 Bb7
9.O-O-O Nbd7 10.g4 Nb6 11.Qe1 Nfd7 12.Kb1 Be7 13.h4 Rc8 14.g5 Qc7 15.Bd3 Nc4
16.Bc1 Nde5 17.h5 Nxd3 18.cxd3 Ne5 19.f4 b4 20.fxe5 bxc3 21.Qxc3 Qxc3 22.bxc3 dxe5
23.Nf3 Rxc3 24.h6 g6 25.Bb2 Rc5 26.Nxe5 Rf8 27.Rc1 Rb5 28.a4 Rb6 29.Ka2 Bxg5
30.Rb1 f6 31.Ba3 Rxb1 32.Rxb1 fxe5 33.Bxf8 Bc6 34.Rb8+ Kf7 35.Kb3 Be3 36.Bg7 g5
37.Rc8 Be8 38.Bxe5 g4 39.Rc7+ Kg6 40.Rg7+ Kxh6 41.Rxg4 Kh5 42.Rg3 Bf2 43.Rg2 Bb6
44.Bc3 Bg6 45.Bf6 Be8 46.Rg5+ Kh6 47.Rg2 Kh5 48.d4 Bg6 49.Rg5+ Kh6 50.Rg4 Be8
51.d5 exd5 52.exd5 Bd7 53.Rg2 Bc5 54.Kc4 Bd6 55.a5 Bb5+ 56.Kb3 Bd3 57.Bc3 Be4
58.Bd2+ Kh5 59.Rg5+ Kh4 60.Kc4 h5 61.Rg8 Bf3 62.Rg6 Be5 63.d6 Bc6 64.Kc5  1-0

[Event "Petr Izmailov Mem"]
[Site "Tomsk RUS"]
[Date "2009.07.01"]
[Round "8"]
[White "Fadeev,S"]
[Black "Ismailov,M"]
[Result "0-1"]
[WhiteElo "2125"]
[BlackElo "2037"]

1.e4 c5 2.Nf3 e6 3.Nc3 a6 4.d4 cxd4 5.Nxd4 Qc7 6.Bd3 Nf6 7.O-O h5 8.Qe2 Ng4
9.g3 Nc6 10.Nxc6 dxc6 11.Bd2 e5 12.Nd1 Nf6 13.Ne3 Bh3 14.Rfd1 Bc5 15.f3 Rd8
16.Kh1 Be6 17.Bc4 Rxd2 18.Rxd2 Bxe3 19.Qxe3 Bxc4 20.Qc5 Be6 21.Rad1 Nd7 22.Qa3 g5
23.Qe3 Rg8 24.Rd3 Rg6 25.Qd2 Ke7 26.Rd6 g4 27.f4 Bf5 28.fxe5 Bxe4+ 29.Kg1 Nxe5
30.Qf4 Nf3+ 31.Kf1 Rxd6 32.Qxe4+ Re6 33.Qd3 Nxh2+ 34.Kg2 Nf3 35.c4  0-1

[Event "1st WCT GM"]
[Site "Moscow RUS"]
[Date "2009.07.04"]
[Round "1"]
[White "Bajarani,U"]
[Black "Dvalishvili,P"]
[Result "0-1"]
[WhiteElo "2358"]
[BlackElo "2486"]

1.e4 c5 2.Nf3 e6 3.d4 cxd4 4.Nxd4 a6 5.Nc3 Qc7 6.Be2 b5 7.O-O Bb7 8.Re1 Bb4
9.Bf3 Ne7 10.Bd2 Bc5 11.Nb3 Bb6 12.a4 b4 13.Na2 a5 14.c3 bxc3 15.Nxc3 O-O
16.Nb5 Qd8 17.Nd6 Bc6 18.Bc3 f5 19.Nd4 fxe4 20.Nxc6 Nbxc6 21.Rxe4 Nd5 22.Be1 Qf6
23.Nc4 Bc5 24.Rc1 Rac8 25.Rg4 h5 26.Rg3 h4 27.Rg4 Rf7 28.h3 Nf4 29.Bxc6 Rxc6
30.Bc3 Qf5 31.Ne5 Bxf2+ 32.Kh1 Rxc3 33.Nxf7 Rxh3+ 34.gxh3 Qe4+ 35.Kh2 Bg3+
36.Rxg3 hxg3+ 37.Kxg3 Ne2+ 38.Kf2 Nxc1 39.Qxc1 Kxf7 40.Qd1 Ke7 41.b3 Qf5+
42.Kg2 Qg5+ 43.Kf2 d5 44.Qe2 Qh4+ 45.Kg1 Qg3+  0-1

[Event "FSGM July"]
[Site "Budapest HUN"]
[Date "2009.07.05"]
[Round "2"]
[White "Antal,Ge"]
[Black "Fogarasi,T"]
[Result "1/2-1/2"]
[WhiteElo "2479"]
[BlackElo "2419"]

1.e4 c5 2.Nf3 e6 3.d4 cxd4 4.Nxd4 a6 5.Nc3 Qc7 6.Be2 Nf6 7.O-O Bc5 8.Bg5 Nc6
9.Nxc6 bxc6 10.Qd2 d5 11.Bxf6 gxf6 12.Qh6 Qe5 13.Qg7 Rf8 14.Rae1 Qg5 15.Qxg5 fxg5
16.Bd3 Kd7 17.Na4 Ba7 18.c4 dxc4 19.Bxc4 e5 20.b4 Ke7 21.Rc1 Bd4 22.Bb3 Bd7
23.Nc5 a5 24.Nxd7 Kxd7 25.bxa5 Rxa5 26.g4 f6 27.Rfd1 Rh8 28.Rd3 Ra6 29.Rh3 h6
30.Rh5 Ke7 31.Kg2 Kf8 32.Rc4 c5 33.Rh3 Kg7 34.Rc2 Ra3 35.Kf1 Rc8 36.Rg3 Rb8
37.Ke2 Rh8 38.h4 Rb8 39.Rf3 Rb4 40.hxg5 hxg5 41.Rc1 c4 42.Rxc4 Rxc4 43.Bxc4 Rxf3
44.Kxf3 Kf8 45.Ke2 Ke7 46.Kd3 Bxf2 47.Bd5 Kd6 48.Kc4 Kc7 49.Kb5 Be3 50.a4  1/2-1/2

[Event "XXXII Open"]
[Site "Barbera ESP"]
[Date "2009.07.07"]
[Round "4"]
[White "Abhishek,K"]
[Black "Schneider,Ve"]
[Result "1/2-1/2"]
[WhiteElo "2158"]
[BlackElo "2301"]

1.e4 c5 2.Nc3 a6 3.Nf3 e6 4.d4 cxd4 5.Nxd4 b5 6.Bd3 Bb7 7.O-O Qb6 8.Nb3 d6
9.a4 b4 10.a5 Qc7 11.Na4 Nd7 12.Be3 Ngf6 13.Nb6 Rd8 14.Qe2 Nxe4 15.Bxa6 Bxa6
16.Qxa6 d5 17.Nxd7 Qxd7 18.f3 Nd6 19.Nc5 Qb5 20.Qxb5+ Nxb5 21.Nb7 Ra8 22.a6 Kd7
23.Ra5 Kc6 24.c3 b3 25.Rc1 Nc7 26.c4 d4 27.Bxd4 Bb4 28.Ra4 Nxa6 29.Na5+ Bxa5
30.Rxa5 Rhd8 31.Bxg7 Nc5 32.Rxa8 Rxa8 33.Kf1 Rd8 34.Ke2 Rg8 35.Be5 Rxg2+
36.Ke3 Nd7 37.Bc3 Rxh2 38.Ra1 Nb6 39.Kd3 Rh3 40.Bd4 Kb7 41.Rf1 Rh4 42.Bf2 Rh3
43.Bd4 h5 44.Kc3 Rh4 45.f4 Rh3+ 46.Kb4 Kc6 47.Ra1 Rd3 48.Bg1 Kb7 49.Kb5 Nc8
50.Bc5 h4 51.Rg1 Rf3 52.Rg4 h3 53.Rh4 Na7+ 54.Bxa7 Kxa7 55.Kc6 Rf2 56.Rxh3 Rxf4
57.c5 Rb4 58.Rh1 Rf4 59.Rh3 Rb4 60.Rh1  1/2-1/2

[Event "ch-NOR"]
[Site "Bergen NOR"]
[Date "2009.07.07"]
[Round "4"]
[White "Moen,A"]
[Black "Ostenstad,B"]
[Result "0-1"]
[WhiteElo "2312"]
[BlackElo "2482"]

1.e4 c5 2.Nf3 e6 3.d4 cxd4 4.Nxd4 a6 5.Nc3 Qc7 6.Bd3 Nf6 7.f4 Bb4 8.O-O Bc5
9.Ne2 d6 10.Kh1 b5 11.c3 Bb7 12.Qc2 Nbd7 13.a4 bxa4 14.Rxa4 O-O 15.b4 Bb6
16.h3 Rfe8 17.Nb3 a5 18.bxa5 Bxa5 19.Rc4 Qb6 20.Rf3 d5 21.exd5 Bxd5 22.Be3 Qd8
23.Nxa5 Qxa5 24.Rg3 Bxc4 25.Bxc4 Rec8 26.Bb3 Rab8 27.Bd4 Qf5 28.Qxf5 exf5
29.Bc2 Re8 30.Ng1 g6 31.Bxf5 Ne4 32.Bxe4 Rxe4 33.f5 Ne5 34.fxg6 hxg6 35.Nf3 Rb1+
36.Kh2 Nc4 37.Rg5 Re8 38.Rc5 Ne3 39.h4 Rb2 40.Bxe3 Rxe3 41.Kh3 Rc2 42.c4 Rec3
43.h5 gxh5 44.Rg5+ Kf8 45.Rxh5 Rxc4 46.Ra5 Rc6 47.Ra8+ Kg7 48.Ra7 Rh6+ 49.Nh4 Rc4
50.g3 Rf6 51.Ra5 Rc1 52.Rb5 Rh1+ 53.Kg4 Ra6 54.Rg5+ Kf8 55.Rb5 Kg7 56.Kg5 Rf1
57.Rc5 Re6 58.Ra5 Re5+ 59.Rxe5 f6+ 60.Kg4 fxe5  0-1